Golden Steps to Respectability, Usefulness and Happiness : (Record no. 243494)
[ view plain ]
| 000 -LEADER | |
|---|---|
| fixed length control field | 01130cam a22002413a 4500 |
| 001 - CONTROL NUMBER | |
| control field | 14239 |
| 003 - CONTROL NUMBER IDENTIFIER | |
| control field | PGUSA |
| 005 - DATE AND TIME OF LATEST TRANSACTION | |
| control field | 20140828083315.0 |
| 008 - FIXED-LENGTH DATA ELEMENTS--GENERAL INFORMATION | |
| fixed length control field | 041202s2004||||xxu|||||s|||||000 | eng d |
| 040 ## - CATALOGING SOURCE | |
| Original cataloging agency | PGUSA |
| Language of cataloging | eng |
| 042 ## - AUTHENTICATION CODE | |
| Authentication code | dc |
| 050 #4 - LIBRARY OF CONGRESS CALL NUMBER | |
| Classification number | BJ |
| 100 1# - MAIN ENTRY--PERSONAL NAME | |
| Personal name | Austin, John Mather, |
| Dates associated with a name | 1805-1880 |
| 245 10 - TITLE STATEMENT | |
| Title | Golden Steps to Respectability, Usefulness and Happiness : |
| Remainder of title | Being a Series of Lectures to Youth of Both Sexes, on Character, Principles, Associates, Amusements, Religion, and Marriage |
| Medium | [electronic resource] / |
| Statement of responsibility, etc | John Mather Austin |
| 260 ## - PUBLICATION, DISTRIBUTION, ETC. (IMPRINT) | |
| Name of publisher, distributor, etc | Project Gutenberg, |
| Date of publication, distribution, etc | 2004 |
| 500 ## - GENERAL NOTE | |
| General note | Images of the original pages are available through the Florida Board of Education, Division of Colleges and Universities, PALMM Project, 2001. (Preservation and Access for American and British Children's Literature, 1850-1869.) See http://fulltext10.fcla.edu/cgi/t/text/text-idx?c=juv&idno=UF00001815&format=pdf |
| 506 ## - RESTRICTIONS ON ACCESS NOTE | |
| Terms governing access | Public domain in the USA. |
| 516 ## - TYPE OF COMPUTER FILE OR DATA NOTE | |
| Type of computer file or data note | Electronic text |
| 653 ## - INDEX TERM--UNCONTROLLED | |
| Uncontrolled term | Conduct of life |
| 830 #0 - SERIES ADDED ENTRY--UNIFORM TITLE | |
| Uniform title | Project Gutenberg |
| Volume number/sequential designation | 14239 |
| 856 40 - ELECTRONIC LOCATION AND ACCESS | |
| Uniform Resource Identifier | <a href="http://www.gutenberg.org/ebooks/14239">http://www.gutenberg.org/ebooks/14239</a> |
| 942 ## - ADDED ENTRY ELEMENTS (KOHA) | |
| Koha item type | eBooks |
| Withdrawn status | Lost status | Damaged status | Home library | Current library | Date acquired | Total Checkouts | Date last seen | Price effective from | Koha item type |
|---|---|---|---|---|---|---|---|---|---|
| Project Gutenberg | Project Gutenberg | 08/28/2014 | 08/28/2014 | 08/28/2014 | eBooks |